000 00514nam a2200193Ia 4500
005 20250923150245.0
008 008 250917s9999 xx 000 0 eng d
037 _aTextual
040 _aDSWL
_beng
_cDSWL
041 _aeng
_2eng
084 _qDSWL
100 _aEsses, V M
_9843974
245 0 _aExplaining the breakdown of ethinic relations
_cby V M Esses
260 _aUSA
_bBlackwell
_c2008
300 _a272 p.
650 _a R VERMPM
_9843975
942 _cTEXL
999 _c1461367
_d1461367